[Event "HCL-M891"]
[Site "www.playchess.de"]
[Date "2006.03.07"]
[Round "1"]
[White "anne_t"]
[Black "Andrey777"]
[WhiteElo "1989"]
[BlackElo "2052"]
[PlyCount "57"]
[Result "1/2-1/2"]

1.e4 {All the best, greetings}  d6 {hi from moscow 
and good luck!}  2.d4 Nf6 3.Nc3 {thx :P)}  g6 
4.Nf3 Bg7 5.Be2 O-O 6.O-O c6 7.Bf4 Nbd7 8.Re1 Nh5 
9.Bd2 e5 10.dxe5 dxe5 11.Bg5 f6 12.Be3 Qe7 13.Nd2 
Nf4 14.Bc4+ Kh8 15.Qf3 b5 16.Bb3 a5 17.a4 b4 
18.Ne2 Ne6 19.Rad1 Nec5 20.h4 Nxb3 21.Nxb3 f5 
22.exf5 e4 23.Qg3 gxf5 24.Qc7 Bxb2 25.Qxc6 Ra6 
26.Qb5 Ne5 27.Bc5 Qxh4 28.Bxf8 e3 29.fxe3 
{(offering draw)}  1/2-1/2

[Event "HCL-M889"]
[Site "www.playchess.de"]
[Date "2006.03.07"]
[Round "9"]
[White "RSoares"]
[Black "AJT"]
[WhiteElo "1507"]
[BlackElo "1945"]
[PlyCount "104"]
[Result "0-1"]

1.e4 {Hello. Have a good game.}  c5 {Hello, 
likewise. greetings}  2.Nf3 d6 3.d4 cxd4 4.Nxd4 
Nf6 5.Nc3 a6 6.Be3 e6 7.f3 b5 8.g4 Nfd7 9.Qd2 Bb7 
10.O-O-O Nb6 11.Nb3 Nc6 12.Qf2 Nd7 13.Kb1 Be7 
14.h4 O-O 15.h5 g6 16.Bh6 Re8 17.hxg6 fxg6 18.f4 
Bf8 19.Bg5 Qc7 20.Qh2 Nb6 21.f5 Ne5 22.fxg6 Nxg6 
23.Rd3 b4 24.Rh3 Bg7 25.Rxh7 bxc3 26.Bh6 Re7 
27.Bxg7 Bxe4 28.Bg2 Bxg2 29.Qxg2 Rxg7 30.Rxg7+ 
Kxg7 31.Qh3 Rh8 32.Qf1 Rxh1 33.Qxh1 Nf4 34.g5 Nbd5 
35.Qh6+ Kg8 36.g6 Qg7 37.Qg5 Qf6 38.Qxf6 Nxf6 
39.bxc3 Kg7 40.c4 Ne4 41.Kb2 Nxg6 42.Ka3 Ne7 
43.Nd4 e5 44.Ne6+ Kf6 45.Nc7 Nc5 46.Kb2 e4 47.Kc3 
e3 48.a4 a5 49.Nb5 Ke5 50.Nd4 Ke4 51.Ne2 Kf3 
52.Nc1 Nc6 0-1

[Event "HCL-C4118"]
[Site "www.playchess.de"]
[Date "2006.03.07"]
[Round "3"]
[White "Innessa"]
[Black "n4337m"]
[WhiteElo "884"]
[BlackElo "1464"]
[PlyCount "82"]
[Result "0-1"]

1.e4 {Hi !  Good luck !}  e5 {How cold is it today 
by you ?}  2.Nf3 {thank`s , all  is  well  and  
You ?}  Nc6 {I understand it's been very cold in 
Russia lately.}  3.d3 {Yes it`s - 20 and -30 grad 
!      : )}  Nf6 {I fly an aerobatic biplane...and 
I might buy a Yak-54 (YAKOVLEV)}  4.c4 {QK ! It`s 
very interesting ! Your age ?}  Be7 {42...I live 
15-20 mins outside of Manhattan. A Yak-54 is an 
aerobatic monoplane (world-class)}  5.Bg5 {Yes, I 
have all understand ! How long play You chess ?}  
d6 {You mean; How long have you been playing chess 
?   Since I was in college....1985.}  6.Bxf6 {Yes, 
good. Do You win always ?}  Bxf6 {Are you serious 
?}  7.Nc3 {No, I have the smile alwais !  : )}  
Bg4 {well said !}  8.Be2 {And You ?}  O-O {All is 
well on my end....I'm hoping to devote more time 
to my chess game.}  9.O-O {Are You the pilot 
really ?}  Bxf3 {Yes....I own a two-place 
aerobatic biplane...200 hp., fuel-injection,& we 
recently installed a two place canopy. If you'd 
like I'll send some pictures.}  10.Bxf3 {Yes, of 
course !}  Nd4 11.Bg4 c6 12.a4 a5 13.Ne2 Re8 
14.Ng3 {I want Your pictures to see !}  g6 {No 
problem....}  15.Rb1 {OK !}  Qb6 {What's your 
opinion of the current position...?}  16.Qd2 Nb3 
17.Qh6 {I known`t what I can read  : )}  Bg7 
18.Qe3 {You play chess very good !}  Qxe3 
{sometimes......?}  19.fxe3 {Queen as the present 
!    : )}  Nd2 {You're a gentleman !}  20.Rbd1 {I 
write Your letter with `Sorry` ! You can know: I 
play better, as men !   : )}  Nxf1 {I'll try to 
send the photos of my paintings later today.}  
21.Rxf1 {Yes, thank You very much !}  Rad8 {my 
best friend in college was from Oddessa ....his 
name was Felix}  22.d4 {It`s very well ! Do You 
speak russian with Felix little ?}  exd4 
{some....mostly inappropriate!}  23.exd4 {Mi 
internet time is to end today . I see You in 
e-mail tomorrow . Mi best wishes to You !}  Bxd4+ 
{I listen to Radio Moscow on my short-wave 
(english broadcast)Have you travelled outside of 
Russia ?}  24.Kh1 {I send mi e-mail. I haven`t 
outside Russia travelled, sorry ! I`m always to 
home !   : )}  Re5 25.h4 {Mi e-mail back to me ! 
Is really Your address ?}  h5 {I'll check & make 
sure.}  26.Bd1 {Yes, good.}  Bxb2 27.Bb3 Kg7 28.c5 
d5 29.exd5 cxd5 30.Bd1 Re3 31.Ne2 d4 32.Nf4 d3 
{How was your day?.........good....I hope.}  
33.Kh2 {Thank`s, all is well .}  Be5 {I had a good 
weekend...more or less}  34.g3 {We look the Great 
Olimpy Playes from Torino : ise hockey, figure 
skating ,biathlon !}  d2 {I played hockey for 
years...& I have some nice scars as proof of my 
involvment!}  35.Ng2 {Yes, I have understand . Mi 
e-mail is back again to me ! I can a private game 
play .}  Bxg3+ {Other than one mistake this game 
has been fairly close.}  36.Kg1 {Yes good, 
congratulate .}  Re1 {Take a look at my game 
against Primo....that was a tight match.}  37.Rxe1 
{Yes, good . You can very good play as grandmaster 
!  : )}  dxe1Q+ {Hardly!}  38.Nxe1 {??}  Rxd1 
39.Kf1 Rxe1+ 40.Kg2 Bxh4 41.Kf3 {Thank You very 
much for good play !}  Be7 {NO PROBLEM} 
 0-1

[Event "HCL-E1588"]
[Site "www.playchess.de"]
[Date "2006.03.07"]
[Round "4"]
[White "dnptrs"]
[Black "carlosmadeira"]
[WhiteElo "2100"]
[BlackElo "1574"]
[PlyCount "47"]
[Result "1-0"]

1.Nf3 Nf6 2.d4 g6 3.c4 Bg7 4.e3 O-O 5.Be2 d6 6.O-O 
b6 7.Nc3 Bb7 8.a3 Nbd7 9.Rb1 Re8 10.b4 e5 11.Bb2 
exd4 12.exd4 Ne4 13.Nxe4 Bxe4 14.Bd3 Bb7 15.d5 a5 
16.Bxg7 Kxg7 17.Nd4 axb4 18.axb4 Ne5 19.Qc2 Qg5 
20.f4 Qe7 21.fxe5 Qxe5 22.Nf3 Qe3+ 23.Kh1 Ra3 
24.Rfe1 1-0

[Event "HCL-M883"]
[Site "www.playchess.de"]
[Date "2006.03.07"]
[Round "7"]
[White "cinephos"]
[Black "Emerson"]
[WhiteElo "2072"]
[BlackElo "1802"]
[PlyCount "46"]
[Result "1/2-1/2"]

1.e4 e5 2.Nf3 Qe7 3.Bc4 d6 4.Nc3 c6 5.d4 Bg4 
6.dxe5 dxe5 7.h3 Bh5 8.g4 Bg6 9.Bg5 Nf6 10.Qe2 
Nbd7 11.O-O-O O-O-O 12.Nh4 h6 13.Nxg6 fxg6 14.Be3 
Kb8 15.a3 g5 16.Rd2 Nb6 17.Rhd1 Rxd2 18.Rxd2 Nxc4 
19.Qxc4 Nd7 20.Na4 g6 21.Nc5 Nxc5 22.Bxc5 Qe8 
23.Bb4 Kc7 {(offering draw)}  1/2-1/2

[Event "HCL-M878"]
[Site "www.playchess.de"]
[Date "2006.03.07"]
[Round "1"]
[White "ZorMaster"]
[Black "steinzell"]
[WhiteElo "1783"]
[BlackElo "1759"]
[PlyCount "71"]
[Result "1/2-1/2"]

1.e4 {Best of Luck.}  c5 {thx, good luck}  2.Nf3 
e6 3.Nc3 a6 4.b3 Nc6 5.Be2 d6 6.O-O Nf6 7.d4 cxd4 
8.Nxd4 Qc7 9.Nxc6 bxc6 10.Bf4 e5 11.Bg5 Be7 12.Bc4 
O-O 13.Qd3 h6 14.Bd2 Bb7 15.Rfe1 Rfd8 16.Qg3 Nh5 
17.Qg6 d5 18.Qxh5 dxc4 19.Rad1 cxb3 20.axb3 Bf8 
21.Re3 g6 22.Rg3 Kh7 23.Qe2 Rd4 24.Rd3 Rxd3 
25.Qxd3 Rd8 26.Qf3 Bg7 27.h4 h5 28.Be3 Rxd1+ 
29.Qxd1 Bc8 30.Na4 Qd7 31.Qe1 Qd8 32.f3 Bh6 
33.Bxh6 Kxh6 34.g3 Qd4+ 35.Qf2 Qd1+ 36.Kg2 
{(offering draw) a draw is ok to me} 
 1/2-1/2

[Event "HCL-B3889"]
[Site "www.playchess.de"]
[Date "2006.03.07"]
[Round "9"]
[White "googleforu"]
[Black "arsenio"]
[WhiteElo "1164"]
[BlackElo "1129"]
[PlyCount "43"]
[Result "1-0"]

1.e4 e6 2.e5 d5 3.exd6 cxd6 4.d4 d5 5.Nf3 Nc6 
6.Nc3 Bd6 7.Bd3 Nf6 8.O-O O-O 9.Re1 Re8 10.Re3 Bf4 
11.Re2 Bxc1 12.Rxc1 a6 13.a3 b5 14.b4 Qb6 15.Re3 
Kh8 16.Ne5 Nxe5 17.dxe5 Nd7 18.Qh5 g6 19.Qh6 Nf8 
20.Rf3 Qd8 21.Rxf7 Kg8 22.Qg7+ 1-0

[Event "HCL-A2573"]
[Site "www.playchess.de"]
[Date "2006.03.07"]
[Round "7"]
[White "organic"]
[Black "M45"]
[WhiteElo "1352"]
[BlackElo "1426"]
[PlyCount "69"]
[Result "1-0"]

1.e4 {Hi}  c5 2.Nf3 g6 3.d4 cxd4 4.Nxd4 Nc6 5.Bc4 
Nf6 6.Nc3 Bg7 7.Nxc6 bxc6 8.O-O O-O 9.f4 d6 10.Qe2 
Bb7 11.Be3 Nxe4 12.Nxe4 d5 13.Nc5 Bc8 14.Bb3 Bxb2 
15.Rad1 Qa5 16.c4 d4 17.Qxb2 dxe3 18.Nd3 Bg4 
19.Rde1 e2 20.Rxe2 Bxe2 21.Qxe2 e6 22.Ne5 Qc5+ 
23.Kh1 Rfd8 24.Ng4 Rd4 25.Ne5 Rad8 26.Ng4 R4d2 
27.Qf3 Qd4 28.h3 Rd6 29.Ne5 c5 30.Qa8+ Rd8 31.Qxa7 
Rf8 32.Nf3 Qxf4 33.Nxd2 Qxd2 34.Qxc5 Rd8 
35.Rd1 1-0

[Event "HCL-A2573"]
[Site "www.playchess.de"]
[Date "2006.03.07"]
[Round "9"]
[White "M45"]
[Black "scotty4u"]
[WhiteElo "1426"]
[BlackElo "1332"]
[PlyCount "86"]
[Result "1/2-1/2"]

1.f4 {Hi, hope you enjoy the game.}  d5 2.Nf3 Bf5 
{I will ;-)}  3.d3 Nc6 4.b3 Nf6 5.Bb2 g6 6.Nbd2 h6 
7.e3 Bg7 8.Be2 O-O 9.O-O Ng4 10.Bxg7 Kxg7 11.Nh4 
Nxe3 12.Nxf5+ gxf5 13.Qc1 Nxf1 14.Qb2+ f6 15.Rxf1 
e5 16.g3 Qd6 17.c4 Nd4 18.Bh5 c5 19.Qc1 e4 20.dxe4 
dxe4 21.Rd1 Qc6 22.Qb1 Rfg8 23.Rf1 Kf8 24.Qd1 Rd8 
25.Re1 Rg7 26.Qb1 Re7 27.Nf1 Ne6 28.Ne3 Ng7 29.Bg6 
h5 30.Qb2 Red7 31.Bxf5 Nxf5 32.Nxf5 R7d1 33.Qe2 
R8d2 34.Qe3 Rxe1+ 35.Qxe1 Qd7 36.Ne3 Rxa2 37.Nd5 
f5 38.Qd1 e3 39.Qxh5 Qf7 40.Qh8+ Qg8 41.Qf6+ Qf7 
42.Qh8+ Qg8 43.Qf6+ Qf7 {(offering draw)} 
 1/2-1/2

[Event "HCL-E1533"]
[Site "www.playchess.de"]
[Date "2006.03.07"]
[Round "16"]
[White "kanturali"]
[Black "HOTSUN"]
[WhiteElo "1978"]
[BlackElo "1626"]
[PlyCount "45"]
[Result "1-0"]

1.e4 e5 {hi gl}  2.f4 d6 3.Nf3 Bg4 4.Bc4 Nc6 5.c3 
h6 6.d3 Na5 7.Bb5+ c6 8.Ba4 b5 9.Bc2 Be7 10.O-O 
Bf6 11.fxe5 dxe5 12.b4 Nb7 13.a4 a6 14.Be3 Ne7 
15.Nbd2 O-O 16.Nb3 Qc7 17.a5 Ng6 18.Qd2 Kh7 19.h3 
Bxf3 20.Rxf3 Be7 21.Qf2 f6 22.Rg3 Rad8 
23.Qf5 1-0

[Event "HCL-T266"]
[Site "www.playchess.de"]
[Date "2006.03.07"]
[Round "20"]
[White "Wilmy"]
[Black "gambitfan"]
[WhiteElo "1248"]
[BlackElo "1510"]
[PlyCount "42"]
[Result "0-1"]

1.e4 e6 2.d4 d5 3.Nc3 Bb4 4.e5 c5 5.Nf3 Ne7 6.dxc5 
Nbc6 7.Be3 Qa5 8.Qd3 Bxc5 9.Bg5 Ng6 10.Bd2 Ngxe5 
11.Nxe5 Nxe5 12.Qg3 Ng6 13.Bb5+ Bd7 14.Bxd7+ Kxd7 
15.a3 Rac8 16.b4 Bxb4 17.Nb1 Bxd2+ 18.Kf1 Rxc2 
19.Nxd2 Qxd2 20.h4 Rc1+ 21.Rxc1 
Qxc1+ 0-1

[Event "HCL-B3833"]
[Site "www.playchess.de"]
[Date "2006.03.07"]
[Round "14"]
[White "schachsky"]
[Black "djpnola"]
[WhiteElo "1192"]
[BlackElo "1162"]
[PlyCount "101"]
[Result "1-0"]

1.e4 {Hello again, have a nice game!}  e5 2.Nf3 
Nc6 3.Nc3 Nf6 4.d3 d6 5.Bg5 Be7 6.Be2 a6 7.a3 O-O 
8.O-O Be6 9.b3 Ng4 10.Bd2 Bh4 11.g3 Bf6 12.Kh1 d5 
13.exd5 Bxd5 14.Nxd5 Qxd5 15.c4 Qc5 16.Qe1 Nd4 
17.b4 Qa7 18.Nxd4 Qxd4 19.Bc3 Nxf2+ 20.Rxf2 Qb6 
21.c5 Qe6 22.Rc1 Qd5+ 23.Bf3 Qxd3 24.Bxb7 Rab8 
25.Rd2 Qg6 26.Bxa6 e4 27.Bxf6 Qxf6 28.Bc4 Qf3+ 
29.Kg1 e3 30.Rd3 Qf2+ 31.Qxf2 exf2+ 32.Kxf2 Rbd8 
33.Rcd1 Rxd3 34.Rxd3 g5 35.Bb5 f5 36.Rd7 f4 37.g4 
Rc8 38.Bc4+ Kh8 39.a4 c6 40.Bd3 Rb8 41.Rxh7+ Kg8 
42.a5 Rxb4 43.a6 Rb2+ 44.Kg1 Ra2 45.Bc4+ {oops 
...; it could have been my move ... -:)}  Kxh7 
46.Bxa2 f3 47.a7 Kg6 48.a8Q Kf6 49.Qxc6+ Kg7 
50.Qxf3 Kg6 51.c6 1-0

[Event "HCL-B3845"]
[Site "www.playchess.de"]
[Date "2006.03.07"]
[Round "3"]
[White "wshlj3"]
[Black "spencer"]
[WhiteElo "1402"]
[BlackElo "996"]
[PlyCount "51"]
[Result "1-0"]

1.e4 e5 2.Nf3 Qf6 3.Nc3 c6 4.Bc4 Bc5 5.O-O g5 6.d3 
d6 7.Bxg5 Qg7 8.Qd2 h6 9.Bh4 Bh3 10.Bg3 Bg4 11.Nh4 
Qg5 12.Qe1 b5 13.Bb3 a5 14.a3 a4 15.Ba2 Na6 16.Kh1 
b4 17.axb4 Nxb4 18.Bb1 Nf6 19.Nxa4 Ke7 20.c3 Na6 
21.f3 Be6 22.Nf5+ Bxf5 23.exf5 h5 24.b4 Be3 25.Bh4 
Qf4 26.g3 1-0

[Event "HCL-B3895"]
[Site "www.playchess.de"]
[Date "2006.03.07"]
[Round "11"]
[White "munther"]
[Black "payaso"]
[WhiteElo "1461"]
[BlackElo "1099"]
[PlyCount "49"]
[Result "1-0"]

1.e4 c5 2.Nc3 g6 3.d4 Bg7 4.Nf3 Nc6 5.d5 Nd4 
6.Nxd4 cxd4 7.Nb5 Qb6 8.c3 Nf6 9.Qd3 a6 10.Nxd4 d6 
11.f3 Nd7 12.Nb3 Ne5 13.Qe3 Qxe3+ 14.Bxe3 Bd7 
15.h3 Bb5 16.Nd4 Nd3+ 17.Kd2 Nxb2 18.Nxb5 axb5 
19.Bxb5+ Kd8 20.a4 Kc7 21.Ra2 Nxa4 22.Rxa4 Rxa4 
23.Bxa4 Ra8 24.Bb3 Ra3 25.Kc2 1-0

[Event "HCL-B3860"]
[Site "www.playchess.de"]
[Date "2006.03.07"]
[Round "2"]
[White "rahul2006"]
[Black "evets"]
[WhiteElo "1200"]
[BlackElo "1392"]
[PlyCount "26"]
[Result "0-1"]

1.e4 {hi evets how are you?
}  e6 {Fine.  Thank You!  Good Luck.}  2.c4 d5 
3.cxd5 exd5 4.exd5 Qxd5 5.Nc3 Qe5+ 6.Be2 Qg5 7.d4 
Qxg2 8.Bf3 Qg6 9.Be4 Qe6 10.Qa4+ Bd7 11.Qd1 Bb4 
12.Qa4 Bxa4 {???}  13.a3 Bxc3+ 0-1

[Event "HCL-B3839"]
[Site "www.playchess.de"]
[Date "2006.03.07"]
[Round "10"]
[White "ValhallaWarrior"]
[Black "arsenio"]
[WhiteElo "1097"]
[BlackElo "1117"]
[PlyCount "54"]
[Result "0-1"]

1.e4 {Buena Suerte!!!}  e6 2.d4 d5 {Hablo un muy 
poco espanol!}  3.Nc3 {ok..Good Luck!!! =)}  Bb4 
4.Bd2 dxe4 5.Nxe4 Bxd2+ 6.Qxd2 Nf6 7.Bb5+ Bd7 
8.Bxd7+ Nbxd7 9.Nf3 Nxe4 {?}  10.Qb4 Nb6 11.O-O 
Nd6 12.Rad1 O-O 13.b3 a5 14.Qe1 Nf5 15.Qe4 Nd5 
16.Qd3 b6 17.Ne5 Nb4 18.Qd2 Nxa2 19.Nc6 Qd6 20.d5 
exd5 21.Nd4 Nxd4 22.Qxd4 Nb4 23.Rd2 c5 24.Qg4 Rae8 
25.Qf3 Qe5 26.Re2 Qxe2 27.Qxe2 
Rxe2 0-1

[Event "HCL-T262"]
[Site "www.playchess.de"]
[Date "2006.03.07"]
[Round "8"]
[White "pruliere"]
[Black "DaLyrik"]
[WhiteElo "1840"]
[BlackElo "760"]
[PlyCount "57"]
[Result "1-0"]

1.e4 e5 2.Nf3 Nc6 3.Bc4 Nf6 4.Ng5 Bc5 5.Nxf7 Qe7 
6.Nxh8 Bxf2+ 7.Kf1 Bh4 8.Bf7+ Kd8 9.Bb3 Nd4 10.c3 
Nxe4 11.Nf7+ Ke8 12.cxd4 exd4 13.Qh5 Nxd2+ 14.Bxd2 
Qf6+ 15.Qf3 d3 16.Qxf6 Bxf6 17.Nc3 d6 18.Re1+ Kf8 
19.Ng5 h6 20.Ne6+ Bxe6 21.Bxe6 Re8 22.Bc4 Rxe1+ 
23.Kxe1 a6 24.Rf1 b5 25.Bb3 c6 26.Ne4 d5 27.Nxf6 
gxf6 28.Rxf6+ Ke7 29.Rxc6 1-0

[Event "HCL-C3932"]
[Site "www.playchess.de"]
[Date "2006.03.07"]
[Round "18"]
[White "spartan1"]
[Black "Grunert"]
[WhiteElo "860"]
[BlackElo "1062"]
[PlyCount "119"]
[Result "1-0"]

1.d4 d5 2.Nf3 e6 3.g3 Nc6 4.e3 b6 5.Bb5 Bb7 
6.Bxc6+ Bxc6 7.O-O Nf6 8.a3 Qd7 9.Ne5 Qd6 10.Bd2 
Qd8 11.Nxc6 Qd6 12.Nb4 Be7 13.Na6 O-O 14.f3 b5 
15.Nb4 a5 16.Nd3 Qd7 17.b3 c6 18.Ne5 Qc8 19.Bc3 
Bd6 20.g4 h6 21.h3 Bxe5 22.dxe5 Nd7 23.Qd3 Nc5 
24.Qd2 Rd8 25.Qd4 Nd7 26.e4 dxe4 27.Qxe4 Nc5 
28.Qe3 Nd7 29.Nd2 Qc7 30.Rae1 b4 31.Bb2 bxa3 
32.Bxa3 Nxe5 33.Qxe5 Qxe5 34.Rxe5 Rxd2 35.Rc5 Rc8 
36.Rf2 Rd1+ 37.Kg2 Ra1 38.Bb2 Rd1 39.Rxa5 Rcd8 
40.Bc3 Kh7 41.Be5 R1d2 42.Bf4 R2d7 43.c4 R7d3 
44.b4 Rc3 45.c5 Rc4 46.Bd2 Rxd2 47.Rxd2 Rxb4 
48.Rd6 Kg6 49.Rxc6 Kg5 50.Rc8 Kf4 51.Ra2 Rb3 52.c6 
Rc3 53.Ra7 Rc2+ 54.Kf1 Rc1+ 55.Ke2 Rc2+ 56.Kd1 Rc3 
57.Rxf7+ Ke3 58.c7 Ra3 59.Rd8 Ra2 
60.c8Q 1-0

[Event "HCL-E1585"]
[Site "www.playchess.de"]
[Date "2006.03.07"]
[Round "6"]
[White "Bauarbeiter"]
[Black "Tarrega"]
[WhiteElo "1825"]
[BlackElo "1729"]
[PlyCount "32"]
[Result "0-1"]

1.d4 {Hi. Nice to meet you.Good luck.}  c5 {Nice 
to meet you too}  2.d5 f5 {what does bauarbeiter 
mean in English?}  3.c4 {I think the translation 
is: constructionworker. I ´m building houses stone 
by stone.}  g6 {Thanks.  Sounds like demanding 
work.}  4.Nc3 Bg7 5.Qc2 Nf6 6.Bg5 O-O 7.Nf3 a6 
8.Rd1 d6 9.b3 Bd7 10.e4 fxe4 11.Nxe4 Nxe4 12.Qxe4 
Qa5+ 13.Nd2 Bf5 14.Qxe7 Nd7 15.Qxd6 Rfe8+ 16.Be2 
Be5 0-1

[Event "HCL-E1549"]
[Site "www.playchess.de"]
[Date "2006.03.07"]
[Round "10"]
[White "DreamGamer"]
[Black "Tarrega"]
[WhiteElo "1622"]
[BlackElo "1665"]
[PlyCount "90"]
[Result "0-1"]

1.e4 c5 {hi}  2.Nf3 {Hi there.}  e6 3.d4 cxd4 
4.Nxd4 Nc6 5.Nb5 d6 6.Bf4 e5 7.Be3 a6 8.N5c3 Nf6 
9.Bc4 Na5 10.Be2 Be7 11.Qd3 b5 12.Nd2 Bb7 13.O-O 
O-O 14.a4 b4 15.Nd5 Nxd5 16.exd5 Rc8 17.Bg4 Rb8 
18.Rfd1 Bc8 19.Be2 f5 20.f3 f4 21.Ba7 Ra8 22.Bf2 
Rf6 23.Ne4 Rg6 24.Qd2 Rb8 25.Kh1 Bh4 26.g3 fxg3 
27.hxg3 Bg5 28.Nxg5 Rxg5 29.g4 Qf6 30.Ba7 Rb7 
31.Be3 Rg6 32.Kh2 Qh4+ 33.Kg1 Bxg4 34.fxg4 Qg3+ 
35.Kh1 Nc4 36.Qe1 Qh3+ 37.Kg1 Nxe3 38.Qf2 Nxg4 
39.Qg2 Ne3 40.Qxg6 hxg6 41.Bf1 Qg3+ 42.Kh1 Qf3+ 
43.Kg1 Nxd1 44.Bg2 Qf2+ 45.Kh1 
Ne3 0-1

[Event "HCL-A2565"]
[Site "www.playchess.de"]
[Date "2006.03.07"]
[Round "5"]
[White "Lennin"]
[Black "carrillero"]
[WhiteElo "1490"]
[BlackElo "1604"]
[PlyCount "56"]
[Result "0-1"]

1.e4 {Hola!}  e6 {Hola. Suerte.}  2.Nf3 d5 3.e5 c5 
4.b4 cxb4 5.a3 Nc6 6.axb4 Bxb4 7.Ba3 Nge7 8.c3 
Bxa3 9.Nxa3 a6 10.Nb5 O-O 11.Nd6 f6 12.d4 fxe5 
13.dxe5 Nf5 14.Nxf5 Rxf5 15.Bd3 Rf7 16.O-O b5 
17.Bxb5 Qc7 18.Qe2 Qb7 19.Bd3 h6 20.Rfb1 Qc7 21.c4 
Ne7 22.cxd5 Nxd5 23.Qe4 Bb7 24.Qh7+ Kf8 25.Rb3 Nf4 
26.Be4 Bxe4 27.Qxe4 Rc8 28.h3 Qa7 0-1

[Event "HCL-B3907"]
[Site "www.playchess.de"]
[Date "2006.03.07"]
[Round "4"]
[White "Littlearza"]
[Black "nafets_bln"]
[WhiteElo "1430"]
[BlackElo "1281"]
[PlyCount "43"]
[Result "1-0"]

1.e4 e5 2.Nf3 Nc6 3.Bc4 Nf6 4.d3 Bc5 5.Ng5 Qe7 
6.Bxf7+ Kd8 7.Bc4 d6 8.Nf7+ Kd7 9.Nxh8 b6 10.Nf7 
Rb8 11.Ng5 h6 12.Ne6 a6 13.a4 Ke8 14.Nxc5 dxc5 
15.Nc3 Ng4 16.Be3 Nxe3 17.fxe3 Qg5 18.O-O Bg4 
19.Rf3 b5 20.Bd5 Qxe3+ 21.Rxe3 Bxd1 
22.Bxc6+ 1-0

[Event "HCL-E1556"]
[Site "www.playchess.de"]
[Date "2006.03.07"]
[Round "7"]
[White "Abra"]
[Black "Inge_Heumann"]
[WhiteElo "1503"]
[BlackElo "1682"]
[PlyCount "74"]
[Result "0-1"]

1.e4 {Hello, wish you a nice game from the 
Netherlands.
}  e6 2.d4 d5 {Hello! I wish a nice game, too!}  
3.e5 c5 4.c3 Nc6 5.Nf3 f6 6.Bb5 Qb6 7.Bxc6+ bxc6 
8.b3 Ba6 9.Be3 cxd4 10.cxd4 Bb4+ 11.Nbd2 h6 12.a3 
Bc3 13.Ra2 f5 14.Qc2 Bxd2+ 15.Bxd2 Ne7 16.a4 O-O 
17.b4 Bc4 18.Rb2 Rab8 19.Bc3 Qd8 20.Nd2 Ba6 21.Nf1 
Ng6 22.Qd2 Qh4 23.Qe3 Nf4 24.Qf3 Nd3+ 25.Kd1 Nxb2+ 
26.Kc2 Nxa4 27.g3 Qe4+ 28.Qxe4 fxe4 29.Be1 Bxf1 
30.Rxf1 e3 31.Kd3 exf2 32.Bxf2 Rxb4 33.h4 Rb3+ 
34.Kc2 Rb2+ 35.Kc1 Rfxf2 36.Rg1 Rba2 37.Kb1 
Nc3+ 0-1

[Event "HCL-M827"]
[Site "www.playchess.de"]
[Date "2006.03.07"]
[Round "7"]
[White "takis"]
[Black "JanP"]
[WhiteElo "2210"]
[BlackElo "1987"]
[PlyCount "115"]
[Result "1-0"]

1.e4 c5 {good luck!}  2.Nf3 d6 3.d4 cxd4 4.Nxd4 
Nf6 5.Nc3 g6 6.Be3 Bg7 7.Bc4 O-O 8.f3 Nc6 9.Qd2 
Bd7 10.O-O-O Qa5 11.Nb3 Qd8 12.g4 Ne5 13.Be2 b5 
14.g5 Nh5 15.Nxb5 Bxb5 16.Bxb5 Nxf3 17.Qe2 Ne5 
18.Kb1 Qc8 19.Ba6 Qg4 20.Nd2 Rfb8 21.c3 f5 22.exf5 
gxf5 23.Rhf1 e6 24.Nb3 Rbd8 25.Nd4 Qe4+ 26.Ka1 Ng4 
27.Bg1 Qxe2 28.Bxe2 Bxd4 29.cxd4 h6 30.h3 Ng3 
{Merry christmas!}  31.Rfe1 {Merry Christmas and 
Happy New Year!}  Nxe2 32.Rxe2 Ne5 33.dxe5 dxe5 
34.Rde1 e4 35.gxh6 Kh7 36.Be3 e5 37.Bg5 Rd7 38.Kb1 
Rc8 39.Rc1 Rxc1+ 40.Kxc1 Rf7 41.Kd2 Kg6 42.h4 Rb7 
43.b3 Rc7 44.Rg2 Kh7 45.Bf6 Kxh6 46.Bxe5 Rd7+ 
47.Ke2 Rd5 48.Bf4+ Kh5 49.Bg5 Rd3 50.Rf2 Kg6 
51.Be3 Rd5 52.Rg2+ Kh5 53.Rg7 a6 54.Rh7+ Kg4 55.h5 
f4 56.Rg7+ Kxh5 57.Bxf4 Rd3 58.Rg5+ 1-0

[Event "HCL-C4122"]
[Site "www.playchess.de"]
[Date "2006.03.07"]
[Round "4"]
[White "Foxlord"]
[Black "Saint70"]
[WhiteElo "800"]
[BlackElo "800"]
[PlyCount "52"]
[Result "0-1"]

1.e4 Nc6 2.Nc3 e5 3.Nf3 Nf6 4.h4 d6 5.g3 Bg4 6.Bb5 
a6 7.Bxc6+ bxc6 8.d3 d5 9.exd5 cxd5 10.Be3 e4 
11.Qd2 Bxf3 12.dxe4 Bxh1 13.O-O-O c6 14.Rxh1 Nxe4 
15.Bg5 f6 16.Qd4 Rb8 17.Bf4 Rb4 18.Qe3 Qa5 19.a3 
Bc5 20.Qf3 f5 21.Re1 O-O 22.b3 Qxa3+ 23.Kd1 Qa1+ 
24.Ke2 Nxc3+ 25.Kd2 Rd4+ 26.Ke3 
Qxe1+ 0-1

[Event "HCL-B3885"]
[Site "www.playchess.de"]
[Date "2006.03.07"]
[Round "13"]
[White "newplayer"]
[Black "Tribun"]
[WhiteElo "1043"]
[BlackElo "779"]
[PlyCount "49"]
[Result "1-0"]

1.e4 e5 2.d4 f6 3.dxe5 fxe5 4.Nf3 d6 5.Bg5 Be7 
6.Qd2 h6 7.Bxe7 Qxe7 8.Nc3 a6 9.Nd5 Qd7 10.h4 Nf6 
11.O-O-O Nxe4 12.Qe2 Qf5 13.g3 Nf6 14.Nxc7+ Kd7 
15.Bh3 Ng4 16.Nxa8 h5 17.Qd3 Kd8 18.Qxd6+ Nd7 
19.Ng5 Qxf2 20.Rhf1 Qe3+ 21.Kb1 Qe2 22.Nf7+ Ke8 
23.Nxh8 Ne3 24.Ng6 Nf6 25.Qe7+ 1-0

[Event "HCL-A2627"]
[Site "www.playchess.de"]
[Date "2006.03.07"]
[Round "10"]
[White "Snillie"]
[Black "PhilipKaveny"]
[WhiteElo "1462"]
[BlackElo "1324"]
[PlyCount "61"]
[Result "1-0"]

1.c4 c5 2.g3 d6 3.Bg2 Nc6 4.Nc3 Nf6 5.a3 Bd7 6.Rb1 
a5 7.b3 e6 8.d3 g6 9.Bb2 Bg7 10.e4 O-O 11.Nge2 Nd4 
12.O-O e5 13.h3 Qc8 14.Kh2 Bxh3 15.Bxh3 Ng4+ 
16.Bxg4 Qxg4 17.Nxd4 Qxd1 18.Rbxd1 exd4 19.Nb5 
Rfd8 20.Bc1 f5 21.f3 Be5 22.exf5 gxf5 23.Bg5 Rd7 
24.f4 Bg7 25.Rfe1 h6 26.Bh4 a4 27.bxa4 Rxa4 28.Re7 
Rxe7 29.Bxe7 Ra6 30.Re1 Bf8 31.Kh3 1-0

[Event "HCL-T261"]
[Site "www.playchess.de"]
[Date "2006.03.07"]
[Round "1"]
[White "sparpaket"]
[Black "stevetilbury"]
[WhiteElo "1560"]
[BlackElo "1608"]
[PlyCount "88"]
[Result "0-1"]

1.e4 c5 2.Nf3 d6 3.d4 cxd4 4.Nxd4 Nf6 5.Nc3 g6 
6.Bc4 Bg7 7.Be3 O-O {I don't normally play the 
Dragon as black. I entered the tournament to try 
an idea as white. However I am looking forward to 
a couple of games with it as black.}  8.Qd2 {What 
is the dragon?}  Nc6 {this variation}  9.O-O 
{o.k.}  Ng4 10.Nxc6 bxc6 11.Bg5 h6 12.Bf4 e5 
13.Bg3 Qe7 14.Rae1 Be6 15.Bb3 Bxb3 16.axb3 h5 
17.h3 Bh6 18.f4 exf4 19.hxg4 fxg3 20.Qxh6 Qh4 
21.Rf3 Qh2+ 22.Kf1 hxg4 23.Qxh2 gxh2 24.Ke2 gxf3+ 
25.gxf3 Kg7 26.Kf2 Rfh8 27.Rh1 d5 28.exd5 cxd5 
29.Nxd5 Rad8 30.Nc3 Rd2+ 31.Kg3 Rxc2 32.Nb5 Rxb2 
33.Nxa7 Rxb3 34.Nc6 Rc8 35.Ne5 Rc2 36.Ng4 Rbb2 
37.Nxh2 f5 38.f4 Rcg2+ 39.Kh3 Rgxh2+ 40.Rxh2 Rxh2+ 
41.Kxh2 Kf6 42.Kg2 Ke6 43.Kf2 Kd5 44.Ke3 
Kc4 0-1

[Event "ACL-A612"]
[Site "www.playchess.de"]
[Date "2006.03.07"]
[Round "9"]
[White "Fred31"]
[Black "BDG_Girl"]
[WhiteElo "1601"]
[BlackElo "1772"]
[PlyCount "52"]
[Result "0-1"]

1.e4 d5 {Hello again and good luck!}  2.e5 c5 3.h3 
Nc6 4.Nf3 e6 {Merry Christams and my God Bless you 
and your family!}  5.Bb5 {Thank you and the same 
for you}  Bd7 6.Bxc6 Bxc6 7.O-O Ne7 8.d4 Nf5 9.c3 
Be7 10.Nbd2 cxd4 11.cxd4 O-O 12.Nb3 a5 13.a4 b6 
14.g3 Qe8 15.Nbd2 Bb4 16.b3 Qe7 17.Bb2 Bb7 18.Rc1 
Ba6 19.Re1 Rac8 20.Rxc8 Rxc8 21.Qb1 Bxd2 22.Nxd2 
Qb4 23.Qd1 Nxd4 24.Bxd4 Qxd4 25.Nf3 Qxd1 26.Rxd1 
Be2 0-1